Städte Thüringens - Sudden Death - Statistiken

Allgemein
  • Dieses Quiz wurde 664 mal gespielt
    173 seit der letzten Aktualisierung
  • Das Durchschnittsergebnis liegt bei 7 aus 15
Answers on the Grid
Answers color-coded by a green-red scale on the quiz's grid according to % correct below.
Blankenburg
Weimar
Eisenach
Sangerhausen
Sonnefeld
Apolda
Gena
Erfurt
Gotha
Altenburg
Rudolfstadt
Meiningen
Schlitz
Bad Belzig
Nordhausen
Naila
Ronnenberg
Saalfeld
Suhl
Zeitz
Schmallenberg
Eisfeld
Gröditz
Hildburghausen
Weida
Sömmerda
Nienburg (Saale)
Eltmann
Friedland
Pößneck
 
Antwortstatistiken
Antwort % Korrekt
Erfurt
77%
Weimar
66%
Gotha
62%
Eisenach
61%
Suhl
57%
Nordhausen
52%
Sömmerda
47%
Apolda
43%
Saalfeld
42%
Altenburg
40%
Meiningen
37%
Hildburghausen
33%
Pößneck
24%
Eisfeld
21%
Weida
19%
Keine übereinstimmenden Quizze gefunden
Verteilung der Resultate
Anzahl Personen mit jedem Resultat
Perzentil nach korrekt beantworteten Fragen
Ihre Resultats-Entwicklung
Sie haben dieses Quiz seit der letzten Aktualisierung nicht gespielt